000 01393nam a2200373 c 4500
003 BLK
005 20180422115646.0
008 180411b bul|||||r ||||||| ||bul||
010 _aKNG00198570000
040 _aBLK
041 _aBUL
_cBUL
080 _aФизикални средства. Лечение с природни средства
_b615.83
_x(497.2)
_z615.83(497.2)
100 1 _aИлиев, Цветан Стоянов
_eпърви автор
_9383659
139 _aИлиев, Цветан Стоянов
_bИ 52
245 1 0 _aКурортът Нареченски бани
_cЦветан Стоянов Илиев.
250 _a2. изд.
257 _aBGR
260 Пловдив
_bХристо Г. Данов
_c1966
_fПловдив : Хр. Г. Данов
300 _a200 с.
_bс ил.
_c20 см
380 _a61
500 _a1. изд. 1962. - 12 070 тир. - Библиогр. с. 195-198
650 4 _aКурортно лечение - терапия
_9160014
650 4 _aКурорти - България
_9319021
650 4 _aБалнеотуризъм
_9148068
651 4 _aБългария
_9241624
653 _aкурорти
653 _aбалнеолечение
653 _aНаречен
852 _aЦб І 8286
856 4 _qpdf
_u
856 4 _qpdf
_u
942 _cKNG
_n0
944 _aCR
_c19.12.2016
_kЕлиз_Шакирова
944 _aED
_c19.12.2016
_kЕлиз_Шакирова
999 _c189526
_d189526